| 000 | 00995nam0a22003011 4500 | ||
|---|---|---|---|
| 001 | rc\4801401 | ||
| 005 | 20250612221027.0 | ||
| 021 |
_aRU _b[68-7612] |
||
| 035 | _a(NLR Aleph) 008872410 | ||
| 090 |
_a8529997 _c8529997 |
||
| 100 | _a20130426d1967 |||y0rusy50 ca | ||
| 101 | 0 | _arus | |
| 102 | _aRU | ||
| 105 | _aa z ||||| | ||
| 200 | 1 | _aДифтерия | |
| 210 |
_aМосква _cМедицина _d1967 |
||
| 215 |
_a208 с., 3 л. ил. _cил. _d20 |
||
| 225 | 1 | _aБиблиотека практического врача | |
| 320 | _aБиблиогр.: с. 202-206 | ||
| 606 |
_aДифтерия _2psbo |
||
| 700 | 1 |
_7ca _8rus _aТитова _bА. И. _cд-р мед. наук, педиатр _f1901-1974 _gАлександра Ивановна _9236138 _3RU\NLR\AUTH\770236194 |
|
| 701 | 1 |
_aФлексер _bС.Я. _gСарра Яковлевна |
|
| 801 | 0 |
_aRU _bNLR _gpsbo |
|
| 801 | 1 |
_aRU _bELAR _2rusmarc |
|
| 852 |
_aNLR _j68-3/1338 |
||
| 942 | _cBOOK | ||
| 980 | _aNB | ||